000 00652nam a2200229Ia 4500
003 OSt
005 20221006164843.0
006 a|||||r|||| 00| 0
007 ta
008 221006b |||||||| |||| 00| 0 hin d
024 _a3,595
037 _cTextual
040 _aFML
_cFML
_bhin
041 _2hin
_ahin
082 _aY:351.25292, P6
100 _aAvasthi Kanhaya Lal Au.
_9678496
245 0 _aSanskriti Ki Dharohar
_b Bainswara Aanchal ke Lokgeet
260 _aKanpur
_bAsish Prakashan
_c2006
300 _a288
_ccm.
942 _hY:351.25292, P6
_cTEXL
_2CC
999 _c1118708
_d1118708